| 000 | 00400nam a2200145Ia 4500 | ||
|---|---|---|---|
| 008 | 240624s9999 xx 000 0 und d | ||
| 041 | _aeng | ||
| 082 | _a658.15 DAM | ||
| 100 | _aDAMODARAN ASWATH | ||
| 245 | _aDAMODARAN ON VALUATION SECURITY ANALYSIS FOR INVESTMENT A | ||
| 250 | _a(2nd ed.) | ||
| 260 |
_c2006 _aNew York _bJohn Wiley and Sons |
||
| 300 | _ax, : 685 : p. : cm. ; 25 | ||
| 365 |
_c _b28 |
||
| 999 |
_c8438 _d8438 |
||